Marketing địa phương và sự gắn kết marketing địa phương trong phát triển kinh tế vùng /

में बचाया:
ग्रंथसूची विवरण
मुख्य लेखक: Nguyễn Lan Hương.
स्वरूप: लेख
भाषा:Vietnamese
विषय:
टैग : टैग जोड़ें
कोई टैग नहीं, इस रिकॉर्ड को टैग करने वाले पहले व्यक्ति बनें!
Thư viện lưu trữ: Thư viện Trường Đại học Đà Lạt
LEADER 00824nam a2200253 4500
001 DLU180186285
005 ##20180820
040 # # |a DLU  |b vie 
041 # # |a vie 
044 # # |a vn 
100 # # |a Nguyễn Lan Hương. 
245 # # |a Marketing địa phương và sự gắn kết marketing địa phương trong phát triển kinh tế vùng /  |c Nguyễn Lan Hương. 
653 # # |a Cạnh tranh 
653 # # |a Marketing 
653 # # |a Phát triển kinh tế 
773 # # |t Tạp chí Khoa học xã hội Thành phố Hồ Chí Minh  |g Số 5(213), 2016, tr. 21-31 
920 # # |a Phòng Tạp chí -- Trung tâm Thông tin - Thư viện Trường Đại học Đà Lạt 
900 # # |a True 
911 # # |a Hoàng Thị Huyền 
925 # # |a G 
926 # # |a A 
927 # # |a BB 
980 # # |a Thư viện Trường Đại học Đà Lạt